01562nam a22002777a 4500003000500000008004100005040000800046041001300054082002200067245006300089250002600152260005200178300003500230336002700265337003300292338002900325505013100354650003800485650003800523942001400561952017300575952017300748952017300921952017301094999001701267BPGM260627e2009 mx edolg |||| 001 0 spa d bspa aspahspa04a628.75097245bA28 aACUEDUCTO IIbLA HISTORIA DETRAS DE LA HISTORIA QUERETARO  aPRIMERA EDICIONb2009 aMEXICObGOBIERNO DEL ESTADO DE QUERETARO c2009 a167 paginas b29 cm x 28.5 cm  2rdacontentatextobtxt 2rdamediaasin mediaciónbn 2rdacarrieravolumen bnc aes una obra fundamental para entender la conservación del monumento más icónico de la ciudad de Santiago de Querétaro. 2TECNOLOGÍA (CIENCIAS APLICADAS) 2INGENIERÍA Y OPERACIONES AFINES 2ddccCOLQ 00102ddc40728ESPQaBPCEFCbBPCEFCcSALA QUERÉTARO ACCESO B PLANTA ALTAd2009-10-06eDONACIÓN l0o628.75097245/ A28r2026-06-27 17:50:13tEJ 1w2026-06-27yCOLQ 00102ddc40728ESPQaBPCEFCbBPCEFCcSALA QUERÉTARO ACCESO B PLANTA ALTAd2009-10-06eDONACIÓN l0o628.75097245/ A28r2026-06-27 17:50:13tEJ 2w2026-06-27yCOLQ 00102ddc40728ESPQaBPCEFCbBPCEFCcSALA QUERÉTARO ACCESO B PLANTA ALTAd2009-10-06eDONACIÓN l0o628.75097245/ A28r2026-06-27 17:50:13tEJ 3w2026-06-27yCOLQ 00102ddc40728ESPQaBPCEFCbBPCEFCcSALA QUERÉTARO ACCESO B PLANTA ALTAd2009-10-06eDONACIÓN l0o628.75097245/ A28r2026-06-27 17:50:13tEJ 4w2026-06-27yCOLQ c68684d68684